Classement du Ballon d'or 2012 - Statistiques

Statistiques générales
  • Ce quiz a été pris 482 fois
  • Le résultat moyen est 19 sur 23
Statistiques - réponses
Classement Joueur Club du joueur Nationalité % Correct
2 Cristiano Ronaldo Real Madrid Portugal
100%
1 Lionel Messi FC Barcelone Argentine
100%
3 Andrés Iniesta FC Barcelone Espagne
97%
4 Xavi FC Barcelone Espagne
97%
13 Neymar Jr Santos FC Brésil
94%
10 Zlatan Ibrahimovic AC Milan / Paris Saint-Germain Suède
94%
8 Didier Drogba Chelsea FC / Galatasaray SK Cote d'ivoire
91%
18 Sergio Ramos Real Madrid Espagne
91%
22 Karim Benzema Real Madrid France
89%
5 Radamel Falcao Atlético Madrid Colombie
87%
12 Yaya Touré Manchester City Cote d'ivoire
87%
17 Sergio Agüero Manchester City Argentine
85%
9 Robin Van Persie Arsenal FC / Manchester United Pays-Bas
83%
15 Wayne Rooney Manchester United Angleterre
83%
6 Iker Casillas Real Madrid Espagne
81%
16 Gianluigi Buffon Juventus FC Italie
80%
7 Andrea Pirlo Juventus FC Italie
77%
21 Gerard Piqué FC Barcelone Espagne
75%
19 Manuel Neuer Bayern Munich Allemagne
73%
20 Sergio Busquets FC Barcelone Espagne
71%
23 Mario Balotelli Manchester City Italie
69%
14 Mesut Özil Real Madrid Allemagne
68%
11 Xabi Alonso Real Madrid Espagne
56%
Aucun quiz correspondant
Distribution des résultats
% des personnes avec chaque résultat
Percentile par nombre de réponses
Votre historique - résultats
Vous n’avez pas pris ce quiz